Statistics for Movie Picture Click - Steven Spielberg

Click here to take the quiz!

General Stats

  • This quiz has been taken 25,845 times
  • The average score is 16 of 20

Answer Stats

HintAnswer% Correct
Jaws
97%
Jurassic Park
97%
E.T. The Extra-Terrestrial
95%
Lincoln
92%
The Adventures of Tintin
90%
Raiders of the Lost Ark
90%
Saving Private Ryan
90%
The BFG
87%
War Horse
82%
Catch Me If You Can
80%
Schindler's List
79%
A.I. Artificial Intelligence
77%
West Side Story
75%
Empire of the Sun
73%
Close Encounters of the Third Kind
72%
The Color Purple
67%
The Post
63%
1941
59%
Minority Report
57%
Munich
48%

Score Distribution

Percentile by Number Answered

Percent of People with Each Score

Your Score History

You have not taken this quiz